| 000 | 00855cam a22002174a 4500 | ||
|---|---|---|---|
| 005 | 20251001120752.0 | ||
| 020 |
_a9781841139937 _cTZS 24568.24/= |
||
| 040 |
_aMCCL _beng. _eAACR 2nd. rev. ed. |
||
| 082 | _a346.02 BUR | ||
| 100 | 1 | _aBurrows, A. S. | |
| 245 | 1 | 2 |
_aA casebook on contract / _cAndrew Burrows. |
| 250 | _a2nd ed. | ||
| 260 |
_aNew Delhi: _bMohan Law house, _cc2009. |
||
| 300 |
_alix, 823 p. ; _c25 cm. |
||
| 504 | _aIncludes index. | ||
| 520 | _aThis casebook offers undergraduate law students the ideal way to discover and understand contract law through reading highlights from leading cases. Designed to be used alongside a contract law textbook, it covers the entire undergraduate contract law course in a series of clearly presented chapters | ||
| 546 | _aeng. | ||
| 650 | 0 | _aContracts | |
| 700 | _aBurrows, A. S. | ||
| 942 | _cBK | ||
| 999 |
_c11518 _d11518 |
||